Kontrola kontrolovanými
Nadnárodné spoločnosti rozhodujú o miliardových investíciách a významne ovplyvňujú zamestnanosť v jednotlivých krajinách. Vplyv, postavenie a rast nadnárodných spoločností. Veľkosť nadnárodných spoločností z pohľadu národných ekonomík. Pozície amerických spoločností. Vznik zákona o ochrane konkurenč...
Salvato in:
| Autore principale: | |
|---|---|
| Natura: | Capitolo di libro |
| Lingua: | slovacco |
| Soggetti: | |
| Tags: |
Nessun Tag, puoi essere il primo ad aggiungerne!!
|
MARC
| LEADER | 00000naa a2200000 4500 | ||
|---|---|---|---|
| 001 | r046650 | ||
| 005 | 20230920080925.2 | ||
| 041 | 0 | |a slo | |
| 044 | |a SK | ||
| 245 | 1 | 0 | |a Kontrola kontrolovanými |c Štefan Rejta |
| 520 | |a Nadnárodné spoločnosti rozhodujú o miliardových investíciách a významne ovplyvňujú zamestnanosť v jednotlivých krajinách. Vplyv, postavenie a rast nadnárodných spoločností. Veľkosť nadnárodných spoločností z pohľadu národných ekonomík. Pozície amerických spoločností. Vznik zákona o ochrane konkurenčného prostredia. Účinnosť protimonopolných zákonov. Praktiky zakázané americkými protimonopolnými zákonmi. Základné miľníky americkej protimonopolnej histórie. Vybrané právne kauzy. | ||
| 610 | 2 | 0 | |a politika protimonopolná |
| 610 | 2 | 0 | |a konkurencia |
| 610 | 2 | 0 | |a história |
| 610 | 2 | 0 | |a USA |
| 610 | 2 | 0 | |a spoločnosti nadnárodné |
| 610 | 2 | 0 | |a trh svetový |
| 100 | 1 | |a Rejta, Štefan | |